|
|
|
|
| LEADER |
01482nam a2200385Ia 4500 |
| 001 |
EBC3572046 |
| 003 |
MiAaPQ |
| 005 |
20200520144314.0 |
| 006 |
m o d | |
| 007 |
cr cn||||||||| |
| 008 |
060131s2005 ne a sb 101 0 eng d |
| 020 |
|
|
|z 9076998817
|
| 020 |
|
|
|z 9789076998817
|
| 020 |
|
|
|z 9789086865529
|
| 035 |
|
|
|a (MiAaPQ)EBC3572046
|
| 035 |
|
|
|a (Au-PeEL)EBL3572046
|
| 035 |
|
|
|a (CaPaEBR)ebr10686786
|
| 035 |
|
|
|a (OCoLC)846996417
|
| 040 |
|
|
|a MiAaPQ
|c MiAaPQ
|d MiAaPQ
|
| 050 |
|
4 |
|a SB197
|b .I8 2005
|
| 111 |
2 |
|
|a International Grassland Congress
|n (20th :
|d 2005 :
|c Ireland and United Kingdom)
|
| 245 |
1 |
0 |
|a XX International Grassland Congress
|h [electronic resource] :
|b offered papers /
|c edited by: F.P. O'Mara ... [et al.].
|
| 246 |
3 |
|
|a 20th International Grassland Congress
|
| 246 |
3 |
|
|a Twentieth International Grassland Congress
|
| 246 |
3 |
0 |
|a Offered papers
|
| 260 |
|
|
|a Wageningen :
|b Wageningen Academic,
|c 2005.
|
| 300 |
|
|
|a 975 p. :
|b ill.
|
| 504 |
|
|
|a Includes bibliographical references and index.
|
| 533 |
|
|
|a Electronic reproduction. Ann Arbor, MI : ProQuest, 2016. Available via World Wide Web. Access may be limited to ProQuest affiliated libraries.
|
| 650 |
|
0 |
|a Grasslands
|v Congresses.
|
| 650 |
|
0 |
|a Grasses
|v Congresses.
|
| 655 |
|
4 |
|a Electronic books.
|
| 700 |
1 |
|
|a O'Mara, F. P.
|q (Frank P.)
|
| 710 |
2 |
|
|a ProQuest (Firm)
|
| 856 |
4 |
0 |
|u https://ebookcentral.proquest.com/lib/matrademy/detail.action?docID=3572046
|z Click to View
|